Figure Out the Lyrics: TV Theme X Quiz Stats

Quiz Updated Feb 6, 2016

Challenge
Share
Tweet
Embed
Score 0/71 Timer 05:00
1 Play Today
% Correct
the
95%
the
95%
you
87.7%
you
87.7%
to
77.8%
to
77.8%
to
77.8%
to
77.8%
to
77.8%
to
77.8%
to
77.8%
to
77.8%
to
77.8%
to
77.8%
to
77.8%
to
77.8%
to
77.8%
and
77.6%
me
74.1%
me
74.1%
is
72.7%
we
70.7%
Can
64.1%
Can
64.1%
On
63.6%
where
58.5%
where
58.5%
how
55.6%
how
55.6%
how
55.6%
how
55.6%
How
55.6%
How
55.6%
How
55.6%
tell
49.8%
tell
49.8%
% Correct
get,
48.4%
get
48.4%
get,
48.4%
get
48.4%
get
48.4%
get
48.4%
get
48.4%
my
47.5%
way
45.1%
day.
43.5%
Street?
42.2%
Street?
42.2%
Street?
42.2%
Street?
42.2%
Street?
42.2%
Sesame
42%
Sesame
42%
Sesame
42%
Sesame
42%
Sesame
42%
there,
37.9%
Sunny
34.2%
away.
33.5%
air
31.5%
clouds
30.6%
Come
27.3%
play.
25.7%
sweet.
23.1%
meet.
21.2%
A-OK.
17.8%
Sweepin'
17.6%
Everything's
16.6%
that's
13.8%
neighbors
12.4%
Friendly
12.3%

You're not logged in!

Compare scores with friends on all Sporcle quizzes.
Join for Free
OR
Log In

You Might Also Like...

Show Comments

Extras

Top Quizzes Today


Score Distribution

Your Account Isn't Verified!

In order to create a playlist on Sporcle, you need to verify the email address you used during registration. Go to your Sporcle Settings to finish the process.

Report this User

Report this user for behavior that violates our Community Guidelines.

Details: